000
00316nam a2200133Ia 4500
008
231129s1984||||xx |||||||||||||| ||spa||
040
_b
spa
082
_a
320.52 B562nu
100
_a
Betancur Belisario
245
0
_a
Nuestra patria es America
260
_c
1984
264
_a
Imprenta Nacional
942
_2
ddc
_c
BKS
999
_c
21830
_d
21830